000 01007 a2200217 4500
001 61294
005 20260407155903.0
008 260407a2021 arg spa d
003 AR-UNSa-BCEJYS
040 _aAR-UNSa-BCEJYS
_bspa
_cAR-UNSa-BCEJYS
080 _a658.012.2
_xPlanificación. Programas. Planes. Medidas de apoyo a la planificación( Administración estratégica...)
245 1 0 _aCómo crear un plan de negocio
_pPresenta tu idea claramente. Proyecta riesgos y recompensas. Consigue la aprobación
020 _a978-84-17963-22-4
264 1 _aBarcelona :
_bReverté
_c2021
300 _aviii, 135 p.
_c18 cm.
505 _a1. ¿Por qué es necesario redactar un plan de negocio? - 2. Describe la oportunidad – 3. Presenta tu equipo – 4. Saca tu producto al mercado -. 5. Proyecta riesgos y beneficios.
041 _aspa
942 _cBK
590 _aniveau_biblio:m niveau_hierar:0
856 4 1 _uhttps://biblioeco.unsa.edu.ar/pmb/images/libros/L129327.jpg
_yImagen de portada
_qimage/jpeg
999 _c7263
_d7263